| 000 | 02349nam a2200373 c 4500 | ||
|---|---|---|---|
| 001 | 51693 | ||
| 003 | ES-MaCES | ||
| 005 | 20240124114304.0 | ||
| 008 | 210204s2020 uk 000 | eng d | ||
| 020 | _a9781529108057 | ||
| 040 |
_aES-MaCES _bspa _cES-MaCES |
||
| 100 | 1 |
_aCohen, Sir Ronald _939858 |
|
| 245 | 1 | 0 |
_aImpact _b: reshaping capitalism to drive real change _cRonald, Cohen |
| 250 | _a1st ed | ||
| 260 |
_aLondon _bEbury Press _c2020 |
||
| 300 |
_a244 p. _c23 cm |
||
| 500 | _aÍndices | ||
| 520 | 3 | _aEn todo el mundo, el capitalismo y la democracia están siendo desafiados con gran fuerza. El mundo debe cambiar, pero no podemos cambiarlo arrojando dinero a viejas ideas que ya no funcionan. Necesitamos un nuevo camino hacia un mundo nuevo donde la desigualdad se está reduciendo, donde los recursos naturales se regeneran y las personas pueden beneficiarse de la prosperidad compartida. Este es el mundo creado por Impact Revolution. El destacado inversionista, empresario, filántropo e innovador en finanzas sociales, Sir Ronald Cohen, ha dedicado dos décadas a liderar la Revolución del Impacto para lograr un cambio social y ambiental real. Como uno de los fundadores del capital de riesgo, que marcó el comienzo de la revolución tecnológica, aprovecha sus años de experiencia personal para ofrecer un relato convincente de cómo la inversión de impacto está remodelando el capitalismo. Ya sea un aspirante a joven emprendedor, una persona de negocios establecida, un inversionista, un filántropo o alguien en el gobierno, o si está interesado, como consumidor o empleado, en empresas que lo hacen bien y al mismo tiempo, este libro es una forma segura de descubrir cómo puedes contribuir a cambiar el mundo. | |
| 541 | _cCompra | ||
| 650 | 4 |
_acapitalismo _927116 |
|
| 650 | 4 |
_areforma económica _929791 |
|
| 650 | 4 |
_ainversión _928141 |
|
| 650 | 4 |
_aresponsabilidad social _930590 |
|
| 650 | 4 |
_aresponsabilidad del empleador _930146 |
|
| 650 | 4 |
_aresponsabilidad del Estado _931208 |
|
| 650 | 4 |
_aevaluación del impacto _930732 |
|
| 650 | 4 |
_acambio social _927286 |
|
| 650 | 4 |
_adesarrollo sostenible _930785 |
|
| 650 | 4 |
_aevaluación del impacto ambiental _930344 |
|
| 650 | 4 |
_adesarrollo económico y social _929234 |
|
| 653 | 1 | 0 | _aEconomía |
| 902 | _aLIB Libro | ||
| 942 |
_2CES _cBK _h0.0. |
||
| 999 |
_c51693 _d51693 |
||